|
|
|
|
| LEADER |
00000cam a2200000 7i4500 |
| 001 |
0000002896 |
| 002 |
000003133 |
| 005 |
20100930.0 |
| 020 |
|
|
|a 9839629905
|
| 090 |
0 |
0 |
|a 299.92
|b MET
|
| 100 |
1 |
|
|a Metcalf, Peter
|
| 245 |
1 |
2 |
|a A Borneo journey into death :
|b Berawan eschatology from its rituals
|c Peter Metcalf
|
| 260 |
|
|
|a Kuala Lumpur :
|b S.Abdul Majeed & Co. ,
|c 1991
|
| 300 |
|
|
|a 275p. ;
|c 20cm.
|
| 490 |
0 |
|
|a Malaysian heritage series
|
| 650 |
0 |
0 |
|a Berawan (Malaysian people)
|x Funeral customs and rites
|
| 650 |
0 |
0 |
|a Berawan (Malaysian people)
|x Religion
|
| 650 |
0 |
0 |
|a Berawan (Malaysian people)
|x Rites and ceremonies
|
| 999 |
|
|
|a 036463
|b BUKU
|c MALAYSIANA
|e PERPUSTAKAAN KOMUNITI PETALING JAYA
|
| 999 |
|
|
|a 056423
|b BUKU
|c PINJAMAN
|e PERPUSTAKAAN KOMUNITI PETALING JAYA
|
| 999 |
|
|
|a 056424
|b BUKU
|c PINJAMAN
|e PERPUSTAKAAN KOMUNITI PETALING JAYA
|